Statistics for Boromir

Click here to take the quiz!

General Stats

  • This quiz has been taken 22 times
    (20 since last reset)
  • The average score is 4 of 8

Answer Stats

HintAnswer% Correct
Sibling(s)Faramir
100%
Realm(s)Gondor
100%
RaceMen
100%
Age41
60%
Death
February 26, TA 3019
20%
Culture
House of Húrin
20%
BirthTA 2978
20%
ParentsDenethor II and Finduilas
0%

Score Distribution

Percentile by Number Answered

Percent of People with Each Score

Your Score History

You have not taken this quiz since the last reset